| 000 | 00753nam a2200241 i 4500 | ||
|---|---|---|---|
| 001 | bg | ||
| 100 | 1 | _aPAWLĘTY, Tadeusz | |
| 245 | 1 | 0 |
_aPodstawy konstrukcji maszyn. _nCz. 1, _pPołączenia spoczynkowe / _cTadeusz Pawlęty. |
| 246 | 1 | _aPołączenia spoczynkowe | |
| 260 |
_aPoznań : _bWydaw. Politechniki Poznańskiej, _c1999. |
||
| 300 |
_a192, [1] s. : _brys., wykr. ; _c24 cm. |
||
| 504 | _aBibliogr. s. [193]. | ||
| 650 | 9 | _aPołączenia konstrukcyjne | |
| 650 | 9 | _aWytrzymałość materiałów | |
| 655 | _aPodręczniki akademickie | ||
| 020 | _a8371430876 (cz. 1) | ||
| 040 | _cBPK | ||
| 041 | 0 | _apl | |
| 080 | _a621.01:620.17](075.8) | ||
| 920 | _a83-7143-087-6 (cz. 1) | ||
| 942 | _cKS | ||
| 008 | s pl f |000 0 pol | ||
| 999 |
_c36503 _d36503 |
||
| 856 |
_uhttp://koha.tu.koszalin.pl/cgi-bin/koha/opac-detail.pl?biblionumber=36503 _yKatalog online BPK |
||